MARC details
| 000 -CABECERA |
| campo de control de longitud fija |
01014nam a2200277 a 4500 |
| 001 - NÚMERO DE CONTROL |
| campo de control |
000034937 |
| 005 - FECHA Y HORA DE LA ÚLTIMA TRANSACCIÓN |
| campo de control |
20200930074010.0 |
| 008 - DATOS DE LONGITUD FIJA--INFORMACIÓN GENERAL |
| campo de control de longitud fija |
111021s1959 ag 000 0 spa d |
| 040 ## - FUENTE DE LA CATALOGACIÓN |
| Centro catalogador/agencia de origen |
DO-SdBNP |
| Lengua de catalogación |
spa |
| Centro/agencia transcriptor |
BNPHU |
| 082 ## - NÚMERO DE LA CLASIFICACIÓN DECIMAL DEWEY |
| Número de clasificación |
570.1 |
| Número de documento/Ítem |
D843L, 1959 |
| 100 1# - ENTRADA PRINCIPAL--NOMBRE DE PERSONA |
| Nombre de persona |
Ducrocq, Albert, |
| Fechas asociadas al nombre |
1921-2001 |
| 9 (RLIN) |
60507 |
| 240 10 - TÍTULO UNIFORME |
| Título uniforme |
Logique de la vie |
| Lenguaje de la obra |
Español |
| 245 13 - MENCIÓN DE TÍTULO |
| Título |
La lógica de la vida / |
| Mención de responsabilidad, etc. |
Albert Ducrocq ; traducción Ana P. de Bonfanti. |
| 260 ## - PUBLICACIÓN, DISTRIBUCIÓN, ETC. |
| Lugar de publicación, distribución, etc. |
Buenos Aires, Argentina : |
| Nombre del editor, distribuidor, etc. |
Compañia General Fabril Editora, |
| Fecha de publicación, distribución, etc. |
1959. |
| 300 ## - DESCRIPCIÓN FÍSICA |
| Extensión |
242 p. ; |
| Dimensiones |
19 cm. |
| 490 1# - MENCIÓN DE SERIE |
| Mención de serie |
Experiencia |
| 504 ## - NOTA DE BIBLIOGRAFÍA, ETC. |
| Nota de bibliografía, etc. |
Incluye referencias bibliográficas y notas al pie de las páginas. |
| 500 ## - NOTA GENERAL |
| Nota general |
Traducido del francés. |
| 590 ## - NOTA LOCAL (RLIN) |
| Nota local |
Perteneció a la biblioteca personal de Juan Isidro Jimenes Grullón. |
| 650 #4 - PUNTO DE ACCESO ADICIONAL DE MATERIA--TÉRMINO DE MATERIA |
| Término de materia o nombre geográfico como elemento de entrada |
Vida (biología) |
| 9 (RLIN) |
60508 |
| 650 #4 - PUNTO DE ACCESO ADICIONAL DE MATERIA--TÉRMINO DE MATERIA |
| Término de materia o nombre geográfico como elemento de entrada |
Evolución |
| 9 (RLIN) |
7386 |
| 650 #4 - PUNTO DE ACCESO ADICIONAL DE MATERIA--TÉRMINO DE MATERIA |
| Término de materia o nombre geográfico como elemento de entrada |
Cibernética |
| 9 (RLIN) |
6151 |
| 700 12 - PUNTO DE ACCESO ADICIONAL--NOMBRE DE PERSONA |
| Nombre de persona |
Bonfanti, Ana P. de, |
| Término indicativo de función/relación |
tr. |
| 9 (RLIN) |
60509 |
| 830 #0 - PUNTO DE ACCESO ADICIONAL DE SERIE-TÍTULO UNIFORME |
| Título uniforme |
Experiencia |
| 9 (RLIN) |
60510 |
| 910 ## - DATOS DE OPCIÓN DEL USUARIO (OCLC) |
| Datos de opción del usuario |
Validado. Control de calidad BNPHU |